La Apertura de México al Pacífico /
में बचाया:
| निगमित लेखकों: | , |
|---|---|
| स्वरूप: | मूलपाठ |
| प्रकाशित: |
México:
Secretaría de Relaciones Exteriores
|
| टैग: |
टैग जोड़ें
कोई टैग नहीं, इस रिकॉर्ड को टैग करने वाले पहले व्यक्ति बनें!
|
MARC
| LEADER | 00000 a a2200000 04500 | ||
|---|---|---|---|
| 001 | 23809 | ||
| 003 | |||
| 040 | |||
| 090 | |a 169000 | ||
| 110 | |a Instituto Matías Romero de Estudios Diplomáticos | ||
| 245 | |a La Apertura de México al Pacífico / |c Instituto Matías Romero de Estudios Diplomáticos | ||
| 260 | |a México: |b Secretaría de Relaciones Exteriores | ||
| 300 | |a 162 p | ||
| 710 | |a comp | ||
| 999 | |c 1361 |d 1361 | ||
